[Event "16th Nikea Open"]
[Site "Athens GRE"]
[Date "2008.08.28"]
[Round "4"]
[White "Malikentzos,S"]
[Black "Pountzas,H"]
[Result "1/2-1/2"]
[WhiteElo "2063"]
[BlackElo "2202"]

1.d4 g6 2.c4 Bg7 3.Nf3 Nf6 4.g3 O-O 5.Bg2 d6 6.O-O Nbd7 7.Nc3 c6 8.e4 e5
9.h3 Qb6 10.c5 dxc5 11.dxe5 Ne8 12.e6 fxe6 13.Ng5 Ne5 14.f4 Nf7 15.Nxf7 Bd4+
16.Kh2 Rxf7 17.e5 Bxc3 18.bxc3 Qc7 19.Be3 b6 20.Qa4 Bb7 21.Rad1 Ng7 22.Rfe1 c4
23.Qxc4 c5 24.Qe2 Bxg2 25.Qxg2 Rd8 26.Rxd8+ Qxd8 27.Re2 Rd7 28.Rd2 Nf5 29.Rxd7 Qxd7
30.Bg1 Kf7 31.g4 Ne7 32.Qf2 Qd3 33.Qh4 Qd2+ 34.Kh1 Qxf4 35.Qxh7+ Ke8 36.Qh8+ Kd7
37.Qa8 Qa4 38.Qb7+ Kd8 39.Bf2 Qxa2 40.Qa8+ Kd7 41.Qb7+ Ke8 42.Qa8+ Kd7 43.Qb7+ Kd8
44.Qb8+ Kd7 45.Qb7+ Ke8 46.Qa8+  1/2-1/2

[Event "8th Open"]
[Site "Velika Gorica CRO"]
[Date "2008.08.30"]
[Round "9"]
[White "Martinovic,Sa"]
[Black "Havas,L"]
[Result "1-0"]
[WhiteElo "2395"]
[BlackElo "2290"]

1.Nf3 Nf6 2.g3 g6 3.c4 Bg7 4.d4 d6 5.Bg2 O-O 6.O-O Nc6 7.Nc3 Bf5 8.d5 Na5
9.Nd4 Bd7 10.b3 c5 11.dxc6 Nxc6 12.Bb2 Nxd4 13.Qxd4 Bc6 14.Nd5 Bxd5 15.Bxd5 Ne8
16.Qd2 Bxb2 17.Qxb2 Qb6 18.Rad1 Nf6 19.Bf3 Rac8 20.Rd4 h5 21.h3 a5 22.Kg2 Rc5
23.Rfd1 Rfc8 24.Qd2 Kg7 25.Kh2 Qc7 26.Qe3 Re5 27.Qd3 Rc5 28.Bg2 Qb8 29.a4 Qa7
30.f4 Rh8 31.e4 e5 32.fxe5 Ng4+ 33.hxg4 hxg4+ 34.Kg1 dxe5 35.Kf1 exd4 36.Qxd4+ f6
37.Qd7+ Kh6 38.Qxg4 Qb8 39.Rd7 Rd8 40.Rf7 Qd6 41.Bf3 Rh5 42.Be2 Rh2 43.Kg1 Rh5
44.Qf3 Qd4+ 45.Kg2 Qd2 46.Rxf6 Rg5 47.Kf2 Qd4+ 48.Kg2 Qd2 49.Kf1 Rd7 50.Rf8 Qd6
51.Rf4 Rh5 52.Qe3 g5 53.e5 gxf4 54.Qxf4+ Rg5 55.exd6  1-0

[Event "ch-FAOGBA sf"]
[Site "Ciudadela ARG"]
[Date "2008.08.31"]
[Round "9"]
[White "Herrera,P"]
[Black "Restuccia,F"]
[Result "0-1"]
[WhiteElo "2080"]
[BlackElo "2148"]

1.Nf3 Nf6 2.d4 g6 3.c4 Bg7 4.g3 O-O 5.Bg2 d6 6.O-O c6 7.Nc3 Qa5 8.Qd3 Qh5
9.Qe3 Re8 10.Qg5 Qxg5 11.Bxg5 h6 12.Bxf6 Bxf6 13.Rfd1 Na6 14.Rac1 Be6 15.b3 Bd7
16.e3 Bg7 17.a3 Nc7 18.Nd2 Rab8 19.h3 f5 20.Nf3 Be6 21.Bf1 Bf7 22.Rd2 Bf6
23.h4 Kg7 24.Kg2 g5 25.hxg5 hxg5 26.Bd3 Bg6 27.Bc2 Rh8 28.Rh1 Rxh1 29.Kxh1 g4
30.Ng1 Ne6 31.Kg2 Ng5 32.Nce2 b5 33.Nf4 bxc4 34.Nxg6 c3 35.Rd3 Kxg6 36.Rxc3 c5
37.Rc4 cxd4 38.exd4 d5 39.Rc5 e6 40.Ne2 Nf3 41.Nf4+ Kf7 42.Rc7+ Be7 43.b4 Nxd4
44.Bd3 a5 45.bxa5 Rb3 46.a6 Rxa3 47.a7 Nf3 48.Bb5 Ra1 49.Ne2 d4 50.Rd7 Kf6
51.Bc6 d3 52.Bxf3 gxf3+ 53.Kxf3 dxe2 54.Kxe2 Bc5 55.Rd2 Bxa7 56.Rc2 Bd4 57.Kd3 e5
58.Rc6+ Ke7 59.Rc7+ Kd6 60.Rc2 Kd5 61.Ke2 Ra3 62.Rd2 Rb3  0-1

[Event "1st Dragon Capital Vietnam Open"]
[Site "Vung Tau VIE"]
[Date "2008.08.31"]
[Round "7"]
[White "Pham Chuong"]
[Black "Zaw Oo"]
[Result "1-0"]
[WhiteElo "2343"]
[BlackElo "2485"]

1.d4 g6 2.c4 Nf6 3.Nf3 Bg7 4.g3 O-O 5.Bg2 d6 6.O-O Nc6 7.Nc3 a6 8.e4 Rb8
9.Qd3 Nd7 10.Be3 b5 11.Rfc1 b4 12.Na4 a5 13.c5 Bb7 14.Qb3 dxc5 15.Nxc5 Nxc5
16.Rxc5 Nxd4 17.Nxd4 Bxd4 18.Rd1 Bxe3 19.Rxd8 Bxc5 20.Rd7 Bb6 21.e5 Bxg2
22.Kxg2 Rbd8 23.Qd3 Rxd7 24.Qxd7 e6 25.g4 h6 26.f4 Kg7 27.f5 Kg8 28.fxe6 fxe6
29.Qxe6+ Kg7 30.Qd5 Rf2+ 31.Kg3 Rf7 32.e6 Re7 33.Qe5+ Kh7 34.Kf4  1-0

[Event "TCh-SRB 1st League"]
[Site "Subotica SRB"]
[Date "2008.09.01"]
[Round "1"]
[White "Popov,Si1"]
[Black "Narancic,V"]
[Result "1/2-1/2"]
[WhiteElo "2472"]
[BlackElo "2362"]

1.d4 Nf6 2.c4 g6 3.Nf3 Bg7 4.g3 d6 5.Bg2 O-O 6.O-O c6 7.Nc3 Nbd7 8.Qc2 Re8
9.Rd1 Qc7 10.b3 a6 11.e4 b5 12.h3 Bb7 13.Be3 b4 14.Na4 c5 15.d5 e5 16.a3 a5
17.Ra2 Nb6 18.axb4 axb4 19.Rda1 Nxa4 20.Rxa4 Rxa4 21.Rxa4 Ra8 22.Rxa8+ Bxa8
23.Qa2 Bb7 24.Ne1 Bc8 25.Nd3 Ne8 26.Kh2 f5 27.Qa8 Kf7 28.exf5 gxf5 29.f4 e4
30.Nf2 h5 31.Nd1 Bd4 32.h4 Nf6 33.Bh3 Kg6 34.Bd2 Qb7 35.Qxb7  1/2-1/2

[Event "SuperLiga-ROM"]
[Site "Eforie Nord ROM"]
[Date "2008.09.02"]
[Round "2"]
[White "Rogozenco,D"]
[Black "Nemeth,F"]
[Result "1-0"]
[WhiteElo "2541"]
[BlackElo "2453"]

1.d4 Nf6 2.c4 g6 3.Nf3 Bg7 4.g3 O-O 5.Bg2 d6 6.O-O a6 7.Nc3 Nc6 8.d5 Na5
9.Nd2 c5 10.Qc2 Rb8 11.b3 b5 12.Bb2 h5 13.Rae1 h4 14.Nd1 Bd7 15.Bc3 h3 16.Bh1 bxc4
17.bxc4 Ng4 18.f3 Bxc3 19.Qxc3 Ne5 20.f4 Ng4 21.e4 Qb6 22.e5 Bf5 23.Be4 Qb4
24.Qd3 Nh6 25.Bxf5 gxf5 26.Re2 Rfd8 27.e6 f6 28.Ne3 Qb2 29.Nf3 Qb7 30.Nh4  1-0

[Event "5th LGA Premium Cup"]
[Site "Nuernberg GER"]
[Date "2008.09.04"]
[Round "1"]
[White "Hoffmann,Gu"]
[Black "Siebrecht,S"]
[Result "0-1"]
[WhiteElo "2006"]
[BlackElo "2453"]

1.d4 g6 2.c4 Bg7 3.Nf3 Nf6 4.g3 O-O 5.Bg2 d6 6.O-O Nbd7 7.Nc3 a6 8.Rb1 e5
9.e4 c6 10.h3 b5 11.c5 b4 12.Na4 Nxe4 13.cxd6 Nxd6 14.Nxe5 Nxe5 15.dxe5 Bxe5
16.Bh6 Re8 17.Rc1 Rb8 18.Re1 Bb7 19.Bxc6 Bxc6 20.Rxc6 Nf5 21.Qxd8 Rbxd8 22.Bg5 Nd4
23.Bxd8 Nxc6 24.Bf6 Re6 25.Bxe5 Nxe5 26.Kf1 Nd3 27.Rxe6 fxe6 28.a3 Nxb2 29.Nc5 bxa3
30.Ke2 a2 31.Nb3 Kf7 32.Kd2 Kf6 33.Kc2 Nc4 34.Kc3 Nd6 35.Kb2 Ne4 36.h4 Nxf2
37.Nc5 Nh1 38.g4 Nf2 39.Nd7+ Ke7 40.Ne5 Kd6 41.Nf7+ Kd5 42.Ng5 h6 43.h5 hxg5
44.h6 Nd3+  0-1

[Event "SuperLiga-ROM"]
[Site "Eforie Nord ROM"]
[Date "2008.09.05"]
[Round "5"]
[White "Cozmolici,S"]
[Black "Duca,A"]
[Result "0-1"]
[WhiteElo "2020"]
[BlackElo "2059"]

1.d4 Nf6 2.Nf3 g6 3.g3 Bg7 4.Bg2 O-O 5.c4 d6 6.Nc3 c5 7.O-O Nc6 8.d5 Na5
9.Qd3 a6 10.b3 Bf5 11.Qe3 b5 12.cxb5 axb5 13.Nd2 b4 14.Na4 Ng4 15.Qf4 Bxa1
16.Nf3 Bg7 17.e4 Bd7 18.Qd2 Bxa4 19.bxa4 Nc4 20.Qc2 Nb6 21.h3 Ne5 22.Nd2 Rxa4  0-1

[Event "SuperLiga-ROM"]
[Site "Eforie Nord ROM"]
[Date "2008.09.05"]
[Round "5"]
[White "Anton,T"]
[Black "Dragomirescu,R"]
[Result "1-0"]
[WhiteElo "2353"]
[BlackElo "2232"]

1.d4 Nf6 2.c4 g6 3.Nf3 Bg7 4.g3 O-O 5.Bg2 d6 6.O-O Nbd7 7.Nc3 e5 8.e4 a6
9.h3 b5 10.Qc2 bxc4 11.dxe5 dxe5 12.Rd1 Qe7 13.Bg5 Nb6 14.Nd5 Nbxd5 15.Rxd5 Rb8
16.Nxe5 Qb4 17.Rd2 Qb5 18.Bxf6 Bxf6 19.Nxc4 Be6 20.Rc1 Rfd8 21.b3 Bd4 22.Rcd1 c5
23.Ne5 a5 24.Nf3 Bf6 25.Bf1 Qb4 26.Rxd8+ Rxd8 27.Rxd8+ Bxd8 28.Kg2 a4 29.Bc4 axb3
30.axb3 Qb6 31.Bxe6 Qxe6 32.Qc4 Qe7 33.Qd5 Bc7 34.Ne1 Bb8 35.Nd3 Ba7 36.Ne5 Qc7
37.Nd7 h5 38.e5  1-0

[Event "Open A"]
[Site "Graz SUI"]
[Date "2008.09.05"]
[Round "7"]
[White "Loebler,H"]
[Black "Mihevc,N"]
[Result "0-1"]
[WhiteElo "2233"]
[BlackElo "2134"]

1.d4 Nf6 2.c4 g6 3.Nf3 Bg7 4.g3 O-O 5.Bg2 d6 6.Nc3 Nbd7 7.O-O e5 8.e4 exd4
9.Nxd4 Re8 10.h3 Nc5 11.Re1 a5 12.Nb3 Be6 13.Nxc5 dxc5 14.Qe2 Nd7 15.Nd5 Ne5
16.f4 Nxc4 17.Qxc4 Bxd5 18.Qc2 Bd4+ 19.Kh2 f5 20.e5 c6 21.Be3 Bxg2 22.Kxg2 Qd5+
23.Kh2 Rad8 24.Qf2 Rd7 25.Rad1 Qe6 26.Bxd4 Red8 27.b3 cxd4 28.Rd3 b5 29.Qc2 Rd5
30.Rc1 c5 31.Qd2 Qb6 32.g4 fxg4 33.hxg4 a4 34.Qe2 Qe6 35.Qf3 axb3 36.axb3 Ra8
37.Kg3 Rf8 38.Qe4 g5 39.f5 Qxe5+ 40.Qxe5 Rxe5 41.b4 c4 42.Rxd4 Re3+ 43.Kf2 Rb3
44.Rh1 Ra8 45.Rd2 c3 46.Rd7 Ra2+ 47.Ke3 c2+ 48.Ke4 Rb1 49.Rhxh7 Re1+ 50.Kf3 c1=Q  0-1

[Event "5th LGA Premium Cup"]
[Site "Nuernberg GER"]
[Date "2008.09.05"]
[Round "3"]
[White "Hoffmann,Gu"]
[Black "Reis,G"]
[Result "0-1"]
[WhiteElo "2006"]
[BlackElo "2216"]

1.d4 Nf6 2.c4 g6 3.Nf3 Bg7 4.g3 O-O 5.Bg2 d6 6.Nc3 Nc6 7.h3 a6 8.O-O Rb8
9.d5 Na5 10.Qd3 c5 11.dxc6 Nxc6 12.Rb1 b5 13.cxb5 axb5 14.e4 b4 15.Ne2 Qa5
16.Bd2 Ba6 17.Qe3 Qb6 18.Rfc1 Qxe3 19.Bxe3 Bd3 20.Ne1 Bxb1 21.Rxb1 e6 22.Nd3 d5
23.e5 Nd7 24.f4 Rfc8 25.h4 Bf8 26.h5 Na5 27.hxg6 hxg6 28.b3 Rc2 29.Nec1 Rc7
30.Bf3 Nc6 31.Ne2 Na7 32.Nd4 Nb5 33.Nxb5 Rxb5 34.Rb2 Rbb7 35.Kf1 Nc5 36.Nf2 Nd7
37.Nd3 Rc3 38.Ke2 Rbc7 39.Ne1 R3c6 40.Kd2 Bc5 41.Bxc5 Rxc5 42.Nc2 Rc3 43.Nd4 Nc5
44.Rb1 Rd3+  0-1

[Event "17th CRO-chT 1w"]
[Site "Sibenik CRO"]
[Date "2008.09.05"]
[Round "9"]
[White "Medic,Mir"]
[Black "Jelica,M"]
[Result "1-0"]
[WhiteElo "2267"]
[BlackElo "2205"]

1.d4 Nf6 2.c4 g6 3.g3 Bg7 4.Bg2 O-O 5.Nf3 d6 6.O-O c6 7.Nc3 Qb6 8.b3 Nbd7
9.e4 e5 10.dxe5 dxe5 11.Qc2 a5 12.Na4 Qb4 13.Bd2 Qe7 14.c5 Ne8 15.Rad1 Nc7
16.Bg5 f6 17.Be3 Ne6 18.Bh3 Nd4 19.Nxd4 exd4 20.Bxd4 Ne5 21.Bg2 Bg4 22.f3 Be6
23.f4 Nd7 24.Rd2 Rfd8 25.h3 Nf8 26.Rfd1 Bf7 27.Nb6 Rab8 28.Bf2 Be6 29.Qc3 f5
30.e5 g5 31.Rd6 gxf4 32.gxf4 Ng6 33.Bg3 Bh6 34.R1d4 Rxd6 35.cxd6 Qg7 36.h4 Kh8
37.h5 Nf8 38.Bh4 Nd7 39.Nxd7 Qxd7 40.Qxa5 Rg8 41.Qc7 Rg4 42.Bf6+ Kg8 43.Qxd7 Bxd7
44.e6 Bxe6 45.d7 Bxd7 46.Rxd7 Bxf4 47.Kf1 Kf8 48.Rxh7  1-0

[Event "TCh-ESP Hon Gp2"]
[Site "Sabadell ESP"]
[Date "2008.09.06"]
[Round "4"]
[White "Brunello,S"]
[Black "Mamedov,Nid"]
[Result "0-1"]
[WhiteElo "2482"]
[BlackElo "2564"]

1.d4 Nf6 2.c4 g6 3.g3 Bg7 4.Nf3 O-O 5.Bg2 d6 6.O-O Nc6 7.Nc3 a6 8.b3 Rb8
9.Bb2 b5 10.cxb5 axb5 11.Rc1 b4 12.Na4 Na5 13.Qc2 c6 14.e4 Ba6 15.Rfd1 Bb5
16.h4 Qd7 17.e5 Nd5 18.h5 Qg4 19.hxg6 fxg6 20.Nh2 Qh5 21.Re1 Bh6 22.Rb1 Rf7
23.Re4 Rbf8 24.Rh4 Rxf2 25.Rxh5 Be3 26.Ng4 Rxc2+ 27.Nxe3 Re2 28.Nxd5 gxh5
29.Nxe7+ Kg7 30.exd6 Rff2 31.d5+ Kf7 32.Bd4 Rxg2+  0-1

[Event "Open A"]
[Site "Graz SUI"]
[Date "2008.09.07"]
[Round "9"]
[White "Pachta,P"]
[Black "Mihevc,N"]
[Result "1-0"]
[WhiteElo "2312"]
[BlackElo "2134"]

1.d4 Nf6 2.c4 g6 3.Nf3 Bg7 4.g3 O-O 5.Bg2 d6 6.O-O Nbd7 7.Qc2 e5 8.Rd1 exd4
9.Nxd4 a6 10.Nc3 Rb8 11.e4 Ne8 12.Be3 Ne5 13.b3 c5 14.Nde2 Bd7 15.Rac1 b5
16.cxb5 axb5 17.h3 Nc6 18.f4 Qb6 19.Nd5 Qa6 20.e5 Bf5 21.Qd2 c4 22.exd6 Nf6
23.bxc4 Ne4 24.cxb5 Qxb5 25.Bxe4 Bxe4 26.Rxc6 Bxd5 27.Rc5  1-0

[Event "7th Open"]
[Site "Izmir TUR"]
[Date "2008.09.07"]
[Round "10"]
[White "Esen,B"]
[Black "Jojua,D"]
[Result "1/2-1/2"]
[WhiteElo "2448"]
[BlackElo "2488"]

1.d4 Nf6 2.c4 g6 3.Nf3 Bg7 4.g3 O-O 5.Bg2 d6 6.O-O Nbd7 7.Nc3 e5 8.e4 c6
9.b3 Re8 10.h3 exd4 11.Nxd4 Nc5 12.Re1 a5 13.Rb1 Nfd7 14.Be3 Qe7  1/2-1/2

[Event "DMP Ekstraliga"]
[Site "Karpacz POL"]
[Date "2008.09.07"]
[Round "2"]
[White "Lubczynski,R"]
[Black "Fraczek,Dan"]
[Result "1/2-1/2"]
[WhiteElo "2414"]
[BlackElo "2351"]

1.d4 Nf6 2.c4 g6 3.Nf3 Bg7 4.g3 O-O 5.Bg2 d6 6.O-O Nbd7 7.Nc3 e5 8.e4 a6
9.h3 b5 10.dxe5 dxe5 11.Be3 bxc4 12.Qe2 Rb8 13.Rab1 Qe7 14.Nd2 Nb6 15.Nxc4 Nxc4
16.Qxc4 Rd8 17.b3 a5 18.Rbc1 Be6 19.Nd5 Bxd5 20.exd5 Ne8 21.Bc5 Qd7 22.Ba3 Nd6
23.Qc2 e4 24.Bxd6 cxd6 25.Qxe4 Re8 26.Qd3 a4 27.Rc6 axb3 28.axb3 Rb4 29.Rfc1 Bd4
30.R6c4 Rxc4 31.Qxc4 Qa7 32.Qc2  1/2-1/2

[Event "1st Women It"]
[Site "Tashkent UZB"]
[Date "2008.09.08"]
[Round "4"]
[White "Gevorgyan,I"]
[Black "Zozulia,A"]
[Result "0-1"]
[WhiteElo "2154"]
[BlackElo "2346"]

1.Nf3 Nf6 2.d4 g6 3.c4 Bg7 4.g3 O-O 5.Bg2 d6 6.Nc3 Nc6 7.O-O a6 8.b3 Rb8
9.Bb2 b5 10.cxb5 axb5 11.Ne1 Na5 12.Nd3 Bb7 13.Bh3 Qe8 14.Rc1 c5 15.Ne1 b4
16.Nb1 Ne4 17.Nf3 Qb5 18.Qc2 cxd4 19.Bxd4 Ng5 20.Nxg5 Bxd4 21.Qd2 Bf6 22.Nf3 Nc6
23.Rc2 Ne5 24.Nxe5 Qxe5 25.Rd1 d5 26.Bg2 Ba8 27.Qc1 e6 28.Bf3 Bg5 29.Nd2 Bb7
30.Rc5 Rfc8 31.Qc2 Rxc5 32.Qxc5 Qc3 33.Qa7 Qc7 34.Nf1 Ra8 35.Qd4 Qc2 36.Ra1 Qc3
37.Qd1 Qb2 38.Qe1 Bf6 39.Qxb4 Qxa1 40.Qxb7 Qxa2 41.b4 Qa6 42.Qc7 Rc8 43.Qf4 Bg7
44.Ne3 Qa1+ 45.Kg2 Qe5  0-1

[Event "I Liga Seniorow"]
[Site "Ustron POL"]
[Date "2008.09.08"]
[Round "3"]
[White "Marszalek,Mac"]
[Black "Janaszak,Daw"]
[Result "1-0"]
[WhiteElo "2355"]
[BlackElo "2353"]

1.d4 Nf6 2.Nf3 g6 3.c4 Bg7 4.g3 O-O 5.Bg2 d6 6.O-O Nc6 7.Nc3 Bf5 8.d5 Na5
9.Nd4 Bd7 10.b3 c5 11.dxc6 bxc6 12.Bb2 Rb8 13.Rb1 Qc8 14.Re1 Bh3 15.e4 Rd8
16.Qe2 Bxg2 17.Kxg2 c5 18.Nc2 Nc6 19.Nd5 Ne8 20.Bxg7 Kxg7 21.h4 h5 22.Rbd1 e6
23.Nc3 Qc7 24.f4 a6 25.Rd3 Nb4 26.Nxb4 cxb4 27.Nd1 Kg8 28.Nf2 Qc6 29.Red1 Rb7
30.Kh2 Rbd7 31.Qb2 d5 32.cxd5 exd5 33.Qd2 Qb6 34.Qe2 Qe6 35.e5 Ng7 36.Qd2 Qb6
37.Qe1 Qb7 38.g4 a5 39.gxh5 Nxh5 40.Rd4 Rc7 41.Ng4 Qc8 42.f5 Rc3 43.R1d2 Kh7
44.Rf2 Rc2 45.Rdd2 Qc3 46.fxg6+ fxg6 47.Nf6+ Nxf6 48.exf6 Qc7+ 49.Kg2 Rxd2
50.Qxd2 Qe5 51.Qg5 Qe4+ 52.Kh2 d4 53.h5 Rh8 54.f7 Rf8 55.Qf6 Qg4 56.Rf4 Qe2+
57.Rf2  1-0

[Event "USCL 2008"]
[Site "ICC INT"]
[Date "2008.09.10"]
[Round "3"]
[White "Young,A PHI"]
[Black "Bereolos,P"]
[Result "1-0"]
[WhiteElo "2367"]
[BlackElo "2314"]

1.d4 Nf6 2.Nf3 g6 3.g3 Bg7 4.Bg2 O-O 5.c4 d6 6.O-O Nbd7 7.Nc3 e5 8.e3 c6
9.Qc2 Qe7 10.b3 Ne8 11.Ba3 f5 12.dxe5 Nxe5 13.Nd4 Bd7 14.Rad1 Rd8 15.Rfe1 Bc8
16.f4 Nf7 17.e4 fxe4 18.Nxe4 Qc7 19.Kh1 Qa5 20.Bb2 Nc7 21.Bc3 Qh5 22.Nxc6 bxc6
23.Bxg7 Kxg7 24.Qc3+ Kh6 25.Nf6 Qc5 26.g4 g5 27.Ne4 Bxg4 28.Qf6+ Kh5 29.Nxc5 Bxd1
30.Rxd1 Nd5 31.Bxd5  1-0

[Event "DMP Ekstraliga"]
[Site "Karpacz POL"]
[Date "2008.09.10"]
[Round "5"]
[White "Kozak,Ma"]
[Black "Zawadzka,J"]
[Result "0-1"]
[WhiteElo "2195"]
[BlackElo "2389"]

1.c4 Nf6 2.d4 g6 3.Nf3 Bg7 4.g3 O-O 5.Bg2 d6 6.Nc3 Nc6 7.O-O Bg4 8.d5 Na5
9.Qd3 c5 10.h3 Bxf3 11.exf3 a6 12.Rb1 Nd7 13.b3 Rb8 14.a4 Nf6 15.Be3 Qc7
16.Rfd1 Rfd8 17.f4 b6 18.f5 Qd7 19.fxg6 hxg6 20.f4 Ne8 21.Qd2 Nc7 22.Bf2 b5
23.axb5 axb5 24.Ne4 Ra8 25.Bf1 Rdb8 26.cxb5 Nxb5 27.b4 Na3 28.bxa5 Rxb1 29.Rxb1 Nxb1
30.Qc2 Qb7 31.Bd3 Rxa5 32.Ng5 Ra1 33.Kh2 Qb2  0-1

[Event "7th Georgiev - Kesarovski Mem"]
[Site "Sunny Beach BUL"]
[Date "2008.09.10"]
[Round "3"]
[White "Mlynek,P"]
[Black "Petrov,Si"]
[Result "1-0"]
[WhiteElo "2222"]
[BlackElo "2011"]

1.d4 Nf6 2.c4 g6 3.Nf3 Bg7 4.g3 O-O 5.Bg2 d6 6.O-O Nbd7 7.Nc3 e5 8.e4 Rb8
9.h3 Re8 10.Be3 a6 11.a4 exd4 12.Nxd4 Ne5 13.b3 Bd7 14.Qc2 Nc6 15.Rfd1 Nxd4
16.Bxd4 Bc6 17.e5 Nh5 18.exd6 cxd6 19.Bxg7 Nxg7 20.Nd5 Bxd5 21.Rxd5 Qf6 22.Rad1 Re6
23.Qd2 Nf5 24.Qf4 Qe7 25.g4 Nh4 26.Rxd6 Re1+ 27.Rxe1 Qxe1+ 28.Kh2 Nxg2 29.Kxg2 Re8
30.Rd7 Re7 31.Rd8+ Kg7 32.g5 Qe5 33.Qxe5+ Rxe5 34.h4 b5 35.axb5 axb5 36.Rd5 Re4
37.Rxb5 Rxh4 38.Kg3 Rd4 39.Rd5 Re4 40.c5 Rb4 41.Rd3 Kf8 42.c6 Rb8 43.c7  1-0

[Event "4th ch-EU"]
[Site "Liverpool ENG"]
[Date "2008.09.12"]
[Round "4"]
[White "Arkell,K"]
[Black "Daly,C"]
[Result "1-0"]
[WhiteElo "2506"]
[BlackElo "2311"]

1.d4 Nf6 2.Nf3 g6 3.c4 Bg7 4.g3 O-O 5.Bg2 d6 6.O-O c6 7.Nc3 Bf5 8.b3 Ne4
9.Bb2 Nxc3 10.Bxc3 Be4 11.e3 Nd7 12.Bh3 Bxf3 13.Qxf3 e6 14.e4 c5 15.Rad1 Qc7
16.Qe3 Rad8 17.Rd2 b6 18.Rfd1 Nb8 19.d5 Bxc3 20.Qxc3 e5 21.f4 Rde8 22.f5 Qe7
23.Rf2 f6 24.fxg6 hxg6 25.Be6+ Kg7 26.a3 Rh8 27.b4 Na6 28.Rb1 Ref8 29.Qc2 Rh5
30.Qa4 Nb8 31.bxc5 dxc5 32.Rbf1 Rhh8 33.h4 Rh7 34.Kg2 Kh8 35.Qb5 Qd8 36.a4 a6
37.Qb2 a5 38.Qxe5 Kg7 39.Qc3 Rhh8 40.Rf4 Na6 41.e5 f5 42.d6 Nb4 43.Bd7  1-0

[Event "4th ch-EU"]
[Site "Liverpool ENG"]
[Date "2008.09.12"]
[Round "4"]
[White "Rodriguez Lopez,Ra"]
[Black "De Coverly,R"]
[Result "1-0"]
[WhiteElo "2312"]
[BlackElo "2082"]

1.d4 Nf6 2.Nf3 g6 3.c4 Bg7 4.g3 O-O 5.Bg2 d6 6.O-O Nbd7 7.Nc3 e5 8.e4 exd4
9.Nxd4 Re8 10.b3 a6 11.Bg5 h6 12.Be3 Nc5 13.f3 Rb8 14.Qd2 Kh7 15.Rfd1 Bd7
16.Nde2 Bc6 17.Rac1 b6 18.Nd4 Bb7 19.b4 Ne6 20.Nb3 Qe7 21.Nd5 Nxd5 22.cxd5 Nf8
23.Bd4 Rbc8 24.Bxg7 Kxg7 25.Bh3 Nd7 26.Nd4 h5 27.Qc3 Kh7 28.Nc6 Bxc6 29.dxc6 Ne5
30.Bxc8 Rxc8 31.f4 Ng4 32.h3 Nh6 33.e5 Rd8 34.exd6 Rxd6 35.Rxd6 Qxd6 36.Rc2 h4
37.Rd2 Qe6 38.g4 Qe1+ 39.Kh2 Qe4 40.Rf2 f5 41.Qe5 Qxe5 42.fxe5 fxg4 43.e6 g3+
44.Kg2 Kg7 45.e7  1-0

[Event "4th ch-EU"]
[Site "Liverpool ENG"]
[Date "2008.09.12"]
[Round "4"]
[White "Sebenik,M"]
[Black "White,Mi"]
[Result "1-0"]
[WhiteElo "2485"]
[BlackElo "2289"]

1.Nf3 Nf6 2.c4 g6 3.d4 Bg7 4.g3 d6 5.Bg2 O-O 6.O-O Nbd7 7.Nc3 e5 8.e4 a6
9.h3 b5 10.Qc2 c6 11.Rd1 Qe7 12.c5 dxc5 13.dxe5 Ne8 14.Bg5 Qe6 15.Bf4 Nxe5
16.Nxe5 Bxe5 17.Bxe5 Qxe5 18.f4 Qc7 19.e5 f5 20.Qf2 c4 21.Nd5 Qa7 22.Nb4 Bb7
23.Qxa7 Rxa7 24.Rd7 c5 25.Bxb7 Rxb7 26.Rxb7 cxb4 27.Rd1 Rf7 28.Rxf7 Kxf7
29.Rd7+ Ke6 30.Rd8 Nc7 31.Kf2 a5 32.Ke2 a4 33.Rd6+ Ke7 34.h4 Ne6 35.Rd5 a3
36.bxa3 bxa3 37.Kd2 b4 38.Kc2 h6 39.Kb1 g5 40.fxg5 hxg5 41.h5 f4 42.h6 Kf7
43.Rd7+ Kg8 44.gxf4 gxf4 45.Rd6 Nc5 46.e6 b3 47.Rd8+ Kh7 48.e7 Na4 49.Rh8+  1-0

[Event "61st ch-RUS HL"]
[Site "Novokuznetsk RUS"]
[Date "2008.09.12"]
[Round "9"]
[White "Rustemov,A"]
[Black "Klimov,A"]
[Result "1/2-1/2"]
[WhiteElo "2547"]
[BlackElo "2423"]

1.c4 g6 2.d4 Nf6 3.Nf3 Bg7 4.g3 O-O 5.Bg2 d6 6.Nc3 c6 7.O-O Qb6 8.b3 e5 9.Ba3 Rd8
10.e3 Na6 11.h3 Qa5 12.Qc1 Nb4 13.Bxb4 Qxb4 14.Qd2 Qa5 15.Rfd1 exd4 16.Nxd4 Qh5
17.Qe2 Qxe2 18.Ndxe2 Be6 19.Rd2 Kf8 20.Rad1 Ke7 21.g4 Ne8 22.Nd4 Bd7 23.Ne4 Rac8
24.f4 Be6 25.Ng5 Nf6 26.Ngxe6 fxe6 27.g5 Ne8 28.Ne2 d5 29.cxd5 cxd5 30.e4 dxe4
31.Rxd8 Rxd8 32.Rxd8 Kxd8 33.Bxe4 Nd6 34.Bd3 e5 35.Kf2 Ke7 36.Kf3 exf4 37.Kxf4 Nf7
38.h4 Be5+ 39.Ke4 Bc7 40.Kd5 Ba5 41.Nd4 Be1 42.Nf3 Bg3 43.b4 Nd8 44.Be4 Kf8
45.b5 Kg7 46.a4 Kg8 47.Kc4 Kg7 48.Bd5 h6 49.Kd4 hxg5 50.hxg5 Bf4 51.Ke4 Bd6
52.Bb3 a6 53.bxa6 bxa6 54.Kd5 Bb4 55.Bc2 Nf7 56.Kc6 a5 57.Kb6 Bc3 58.Bd3 Ne5
59.Nxe5 Bxe5 60.Kxa5 Bf4 61.Kb6  1/2-1/2

[Event "7th Georgiev - Kesarovski Mem"]
[Site "Sunny Beach BUL"]
[Date "2008.09.12"]
[Round "6"]
[White "Stamenkov,V"]
[Black "Georgiev,Kr"]
[Result "1/2-1/2"]
[WhiteElo "2340"]
[BlackElo "2446"]

1.d4 g6 2.Nf3 Bg7 3.g3 Nf6 4.Bg2 O-O 5.c4 d6 6.Nc3 c6 7.O-O Qa5 8.e4 Qh5
9.Ng5 Na6 10.h3 Qxd1 11.Rxd1 e5 12.Be3 Re8 13.Nf3 Be6  1/2-1/2

[Event "I Liga Seniorow"]
[Site "Ustron POL"]
[Date "2008.09.12"]
[Round "7"]
[White "Stachowiak,K"]
[Black "Markiewicz,Je"]
[Result "1-0"]
[WhiteElo "2341"]
[BlackElo "2301"]

1.d4 Nf6 2.Nf3 g6 3.g3 Bg7 4.Bg2 O-O 5.c4 d6 6.Nc3 Nbd7 7.O-O e5 8.e4 c6
9.h3 a5 10.Be3 a4 11.Qc2 Qa5 12.Rab1 Qb4 13.b3 axb3 14.axb3 exd4 15.Nxd4 Nc5
16.Bd2 Qb6 17.Nde2 Nfd7 18.Rfd1 Ne6 19.Na4 Qc7 20.Be3 Nec5 21.Nac3 f5 22.exf5 gxf5
23.b4 Ne6 24.f4 Nf6 25.Qxf5 Nd4 26.Qd3 Bf5 27.Qxd4 Ne4 28.Nxe4 Bxd4 29.Bxd4 d5
30.cxd5 cxd5 31.Rbc1 Qe7 32.Bc5  1-0

[Event "3rd XtraCon EMT"]
[Site "Borup DEN"]
[Date "2008.09.13"]
[Round "7"]
[White "Grabarczyk,M"]
[Black "Erdogdu,M"]
[Result "1/2-1/2"]
[WhiteElo "2510"]
[BlackElo "2440"]

1.d4 Nf6 2.Nf3 g6 3.c4 Bg7 4.g3 O-O 5.Bg2 d6 6.Nc3 Nc6 7.O-O a6 8.Bf4 Rb8
9.Rc1 Bd7 10.Qd2 b5 11.b3 bxc4 12.bxc4 Na5 13.Nd5 Nxd5 14.cxd5  1/2-1/2

[Event "3rd XtraCon EMT"]
[Site "Borup DEN"]
[Date "2008.09.13"]
[Round "8"]
[White "Grabarczyk,M"]
[Black "Bekker Jensen,S"]
[Result "1-0"]
[WhiteElo "2510"]
[BlackElo "2396"]

1.d4 Nf6 2.c4 g6 3.Nf3 Bg7 4.g3 O-O 5.Bg2 d6 6.Nc3 c6 7.O-O Na6 8.b3 e5 9.e4 Bg4
10.Be3 Re8 11.h3 exd4 12.Bxd4 Bd7 13.Rc1 Bh6 14.Nd2 c5 15.Bxf6 Qxf6 16.e5 Qxe5
17.Bxb7 Bxh3 18.Bxa8 Rxa8 19.Re1 Qf5 20.Nd5 Qg5 21.Qf3 Kh8 22.Nf4 Rf8 23.Ne4 Qg4
24.Qxg4 Bxg4 25.Nxd6 g5 26.Nd5 Be6 27.Rcd1 Bg7 28.Kg2 h6 29.Nb5 Nb4 30.Nxb4 cxb4
31.Nc7 Bf5 32.Re8 Rxe8 33.Nxe8 Bc3 34.Nd6 Bc2 35.Rd5 Bb1 36.Ra5 Bd4 37.c5 Kg8
38.c6 Bb6 39.Rxa7  1-0

[Event "4th ch-EU"]
[Site "Liverpool ENG"]
[Date "2008.09.13"]
[Round "5"]
[White "Houska,Jo"]
[Black "Hillarp Persson,T"]
[Result "0-1"]
[WhiteElo "2405"]
[BlackElo "2526"]

1.d4 Nf6 2.Nf3 g6 3.c4 Bg7 4.g3 O-O 5.Bg2 d6 6.O-O Nbd7 7.Nc3 e5 8.e3 Re8
9.b3 Nf8 10.dxe5 N6d7 11.Bb2 dxe5 12.Qc2 Ne6 13.Rfd1 f5 14.a4 e4 15.Ne1 a5
16.Nb5 Bxb2 17.Qxb2 Qf6 18.Qa3 Qe7 19.Qxe7 Rxe7 20.g4 fxg4 21.Bxe4 Ndc5 22.Bg2 Nxb3
23.Ra3 Nbc5 24.Nd3 Kg7 25.Nxc5 Nxc5 26.Rd5 Ne6 27.Rd2 c6 28.Nd6 Nc5 29.e4 Be6
30.Bf1 Rf8 31.Re3 h5 32.h3 Rf3 33.Rde2 Kf6 34.e5+ Kg5 35.hxg4 Bxg4 36.Ne4+ Nxe4
37.Rxe4 Rf4 38.R2e3 Rxe4 39.Rxe4 Bf5 40.f4+ Kg4 41.Rd4 Kf3 42.c5 Ke3 43.Rc4 Be6
44.f5 Bxc4 45.f6 Rxe5 46.Bxc4 Rg5+ 47.Kh2 Rf5 48.f7 Kd4 49.Be6 Rf4  0-1

[Event "61st ch-RUS HL"]
[Site "Novokuznetsk RUS"]
[Date "2008.09.13"]
[Round "10"]
[White "Deviatkin,A"]
[Black "Korotylev,A"]
[Result "1-0"]
[WhiteElo "2567"]
[BlackElo "2609"]

1.d4 Nf6 2.Nf3 g6 3.c4 Bg7 4.g3 O-O 5.Bg2 d6 6.O-O Nbd7 7.Nc3 e5 8.e4 c6
9.h3 Qb6 10.d5 Nc5 11.Qe2 cxd5 12.cxd5 Bd7 13.Be3 Rfc8 14.Rfc1 a5 15.Rc2 Qd8
16.Nd2 Ne8 17.Rac1 f5 18.Kh2 b6 19.b3 Nf6 20.Nc4 Be8 21.exf5 gxf5 22.Na4 Rab8
23.Nxc5 bxc5 24.Qd2 a4 25.Na5 axb3 26.axb3 e4 27.Bf1 Kh8 28.Ba6 Rc7 29.Be2 Bb5
30.Bxb5 Rxb5 31.b4 Rd7 32.Nc6 Qg8 33.Qe2 Rbb7 34.bxc5 dxc5 35.Rxc5 Nxd5 36.Bd4 Qe8
37.Qc4 Nb6 38.Bxg7+ Rxg7 39.Qd4 Rd7 40.Re5 Qd8 41.Qb4 Qg5 42.Re8+ Rg8 43.Qb2+ Rg7
44.Rxg8+ Kxg8 45.Qxb6 Qxc1 46.Qd8+ Kf7 47.Qe7+ Kg6 48.Ne5+  1-0

[Event "I Liga Seniorow"]
[Site "Ustron POL"]
[Date "2008.09.13"]
[Round "8"]
[White "Urban,K"]
[Black "Orzechowski,J"]
[Result "1-0"]
[WhiteElo "2469"]
[BlackElo "2227"]

1.d4 Nf6 2.c4 g6 3.Nf3 Bg7 4.g3 O-O 5.Bg2 d6 6.Nc3 c6 7.O-O Qa5 8.e4 Qh5
9.e5 dxe5 10.Nxe5 Ng4 11.Nf3 Rd8 12.h3 Nf6 13.Ne5 Qxd1 14.Rxd1 Ne8 15.Bf4 f6
16.Nf3 g5 17.Be3 g4 18.hxg4 Bxg4 19.Re1 Nd7 20.Nh4 Nd6 21.b3 e5 22.d5 c5
23.Ne4 Nxe4 24.Bxe4 Bf8 25.Kg2 Bd6 26.Rh1 Nf8 27.Nf5 Bxf5 28.Bxf5 Rab8 29.Rh6 Kg7
30.Rh2 b5 31.cxb5 Rxb5 32.Bxh7 Rdb8 33.Bc2 Rb4 34.Bd2 Rd4 35.Bc3 Rxd5 36.Be4 Rd4
37.Bxd4 cxd4 38.Rh4 Kf7 39.Bf5 Bb4 40.Rc1 Bc3 41.Kf3 a5 42.Rch1 Rd8 43.Ke2 Bb4
44.Rc1 Bc3 45.f3 Rb8 46.Kd3 Ke7 47.Rh8 Rb6 48.Rc2 Rc6 49.Rh1 Kd6 50.g4 Rc5
51.Rhc1 Ne6 52.Bxe6 Kxe6 53.Ke4 Rc8 54.Rh1 Rc5 55.Rh6 Kf7 56.Rh7+ Kg6 57.Rd7 Rc8
58.Rh2 Bb4 59.Rhh7 Bf8 60.Rh8 Ra8 61.Rg8+ Kh6 62.Kf5  1-0